000 02277 a2200253 4500
001 29282
005 20260407155602.0
008 260407a1950 arg spa d
003 AR-UNSa-BCEJYS
040 _aAR-UNSa-BCEJYS
_bspa
_cAR-UNSa-BCEJYS
080 _a657.3
_xPresupuestos. Cierre de Cuentas. Balances (Estados Contables)
245 1 0 _aMétodos de verificación de balances y revisión de cuentas
264 1 _aBarcelona :
_bLabor
_c1950
300 _a531 p.
_c23 cm.
505 _a1. El aspirante a contador público – 2. El contador público y su función - 3. Primeros pasos en la profesión. Ambiente en las oficinas de contadores públicos – 4. Expedientes de las intervenciones – 5. Proceso de la revisión – 6. Diferencias en balances de comprobación – 7. Balances de comprobación – 8. Proceso de verificación. Facturas de venta, devoluciones y bonificaciones – 9. Gastos pagados por anticipado – 10. Ventas al contado, fondos de caja, saldos en banco – 11. Justificantes de pago. Análisis de cuenta - 12. Razones que aconsejan la verificación – 13. Información preliminar antes de la verificación – 14. Estudio del control interno en la empresa – 15. Casos particulares y modo de completar la verificación – 16. Cartera de títulos. Valores inmateriales. Fondos especiales – 17. Cuentas personales deudoras – 18. Mercancías. Gastos diferidos – 19. Activo inmovilizado – 20. Cuentas personales acreedoras – 21. Reserva. Obligaciones eventuales – 22. Verificación completa: cuentas de productos – 23. Verificación completa: cuentas de gastos - 24. Actas. Contratos especiales – 25. Balance de situación e informe de resultados – 26. Certificación e informes – 27. Contabilidad de sucursales. Sociedades no anónimas. Consolidación de cuentas – 28. Preparacion de presupuestos de balance y resultados.
942 _cBK
590 _aniveau_biblio:m niveau_hierar:0
100 1 _aBacas, Paul E.
700 1 _aMadden, John T.
700 1 _aSanz Darnis, Luis
700 1 _aSanz, Angel Andany
700 1 _aRosenkampff, Arthur Henry
856 4 1 _uhttps://biblioeco.unsa.edu.ar/pmb/images/libros/Metodos de Verificacion de Balances y Revision de Cuentas-l22889.jpg
_yImagen de portada
_qimage/jpeg
999 _c1832
_d1832